000 00355 a2200169 4500
001 72775
020 _a8508093225
040 _cAnchieta - Colégio São Paulo
100 _aDante, Luiz Roberto
240 1 0 _aMatemática
_lpor
245 1 0 _aMatemática
300 _a232
362 0 _a2005
440 1 _aÁtica
650 4 _aMatemática
942 _cBK
999 _c72775
_d72775